| LEADER |
00876nam0a2200193 450 |
| 001 |
16829353 |
| 010 |
|
|
|a 978-2-260-03011-9
|b br.
|d 18,5
|
| 100 |
|
|
|a 20180208d2026 u u0frey01 ba
|
| 101 |
0 |
|
|a fre
|
| 102 |
|
|
|a FR
|
| 200 |
0 |
|
|a Entrez dans la danse
|e roman
|f Jean Teulé
|
| 207 |
|
1 |
|a
|
| 210 |
|
|
|a Paris
|c Julliard
|d DL 2018
|
| 215 |
|
|
|a 1 vol. (158 pages)
|c illustrations
|d 21 cm
|
| 330 |
|
|
|a Une étrange épidémie a eu lieu dernièrement Et s'est répandue dans Strasbourg De telle sorte que, dans leur folie, Beaucoup se mirent à danser Et ne cessèrent jour et nuit, pendant deux mois Sans interruption, Jusqu'à tomber inconscients. Beaucoup sont morts. Chronique alsacienne, 1519
|
| 700 |
|
0 |
|a Teulé
|b Jean
|f 1953-....
|4 70
|
| 900 |
|
|
|a Roman
|
| 901 |
|
|
|a Accessible au prêt
|
| 995 |
|
|
|a Bibliothèque
|c Bibliothèque
|f 024018631
|h 024018631
|k R TEU
|o p
|q a
|r az
|e Bibliothèque
|